Summary report of survey on prevalence of disability, May 1994 / (Record no. 65381)
[ view plain ]
| 000 -LEADER | |
|---|---|
| fixed length control field | 01036nam a2200277 a 4500 |
| 001 - CONTROL NUMBER | |
| control field | 65381 |
| 003 - CONTROL NUMBER IDENTIFIER | |
| rucl marc code | BD-RjUL |
| 005 - DATE AND TIME OF LATEST TRANSACTION | |
| control field | 20211209081423.0 |
| 008 - FIXED-LENGTH DATA ELEMENTS--GENERAL INFORMATION | |
| fixed length control field | 170305s1995 bg a f000 0 eng d |
| 020 ## - INTERNATIONAL STANDARD BOOK NUMBER | |
| International Standard Book Number | 9845081754 |
| Terms of availability | : Complimentary |
| 035 ## - SYSTEM CONTROL NUMBER | |
| System control number | (BD-RjUL)65511 |
| 040 ## - CATALOGING SOURCE | |
| Original cataloging agency | BD-RjUL |
| Language of cataloging | eng |
| Transcribing agency | BD-RjUL |
| Modifying agency | BD-RjUL |
| 041 ## - LANGUAGE CODE | |
| Language code of text/sound track or separate title | eng |
| 082 ## - DEWEY DECIMAL CLASSIFICATION NUMBER | |
| Edition number | 23 |
| Classification number | 362.1095492021 |
| Author mark and year | BAS 1995 (SR) |
| 110 1# - MAIN ENTRY--CORPORATE NAME | |
| Corporate name or jurisdiction name as entry element | Bangladesh Bureau of Statistics. |
| 9 (RLIN) | 179266 |
| 245 10 - TITLE STATEMENT | |
| Title | Summary report of survey on prevalence of disability, May 1994 / |
| Statement of responsibility, etc. | Bangladesh Bureau of Statistics. |
| 260 ## - PUBLICATION, DISTRIBUTION, ETC. (IMPRINT) | |
| Place of publication, distribution, etc. | Dhaka : |
| Name of publisher, distributor, etc. | Bangladesh Bureau of Statistics, |
| Date of publication, distribution, etc. | 1995. |
| 300 ## - PHYSICAL DESCRIPTION | |
| Pagination | vi, 79 p. ; |
| Size | 28 cm. |
| 490 ## - SERIES STATEMENT | |
| Series statement | Bangladesh Health and Demographic Survey ; |
| Volume/sequential designation | HDS-PUB-002 |
| 500 ## - GENERAL NOTE | |
| General note | "August 1995" |
| General note | Some pages on coloured paper. |
| 650 #0 - SUBJECT ADDED ENTRY--TOPICAL TERM | |
| Topical term or geographic name as entry element | People with disabilities |
| Geographic subdivision | Bangladesh. |
| 9 (RLIN) | 193492 |
| Topical term or geographic name as entry element | People with disabilities |
| Geographic subdivision | Bangladesh |
| Form subdivision | Statistics. |
| Chronological subdivision | 1994 |
| 9 (RLIN) | 193493 |
| 830 ## - SERIES ADDED ENTRY--UNIFORM TITLE | |
| Uniform title | Bangladesh Health and Demographic Survey ; |
| Volume number/sequential designation | HDS-PUB-002 |
| 942 ## - ADDED ENTRY ELEMENTS (KOHA) | |
| Source of classification or shelving scheme | Dewey Decimal Classification |
| Koha item type | Rare Books |
| Lost status | Source of classification or shelving scheme | Damaged status | Not for loan | Collection code | Permanent Location | Current Location | Shelving location | Date acquired | Source of acquisition | Total Checkouts | Full call number | Date last seen | Copy number | Koha item type |
|---|---|---|---|---|---|---|---|---|---|---|---|---|---|---|
| Dewey Decimal Classification | Not For Loan | Rare Books | Central Library, University of Rajshahi | Central Library, University of Rajshahi | Rare Book Section | 30/10/1995 | Dhaka, BBS | RA 362.1095492021 BAS 1995(SR) | 05/03/2017 | C-1 | Rare Books |